Central American and Caribbean Countries - Statistics

General Stats
  • This quiz has been taken 469 times
  • The average score is 15 of 20
Answers on the Map
Answers color-coded by a green-red scale on the quiz's map according to % correct below.
 
Answer Stats
Answer % Correct
Cuba
92%
Panama
88%
Haiti
87%
Jamaica
85%
Bahamas
83%
Belize
82%
El Salvador
82%
Guatemala
82%
Costa Rica
81%
Dominica
81%
Dominican Republic
81%
Nicaragua
81%
Honduras
79%
Trinidad and Tobago
61%
Saint Lucia
57%
Barbados
56%
Saint Kitts and Nevis
55%
Saint Vincent and the Grenadines
50%
Antigua and Barbuda
49%
Grenada
43%
No matching quizzes found
Score Distribution
Percent of People with Each Score
Percentile by Number Answered
Your Score History
You have not taken this quiz